Statistics for History of Spain Quiz

Click here to take the quiz!

General Stats

  • This quiz has been taken 17,868 times
  • The average score is 15 of 22

Answer Stats

HintAnswer% Correct
1992 Olympic host cityBarcelona
96%
Italian explorer who claimed the
New World for Spain
Christopher
Columbus
90%
Event won by Spain in 2010FIFA World Cup
90%
Dictator of Spain from 1939-1975Francisco Franco
84%
Empire conquered by CortesAztecs
82%
Empire conquered by PizarroIncans
81%
Painter of "Guernica"Pablo Picasso
81%
1588 fleet for the invasion of EnglandSpanish {Armada}
79%
War of the 1930sSpanish Civil War
79%
Year of his first voyage1492
77%
Program to maintain religious orthodoxySpanish {Inquisition}
71%
Famous novel by Miguel CervantesDon Quixote
70%
Monarchs who married ^Isabella
70%
Monarchs who married ^Ferdinand
62%
African Muslim group
that invaded Spain in 711
Moors
61%
Kingdoms united by royal marriage in 1469Aragon
60%
Ancient Iberian ethnic group with
a very unique language
Basque
59%
Kingdoms united
by royal marriage in 1469
Castile
58%
Most famous type
of Spanish sailing ship
Galleon
39%
Former capital city - home to El GrecoToledo
38%
Term for a luxurious plantation
or estate in the New World
Hacienda
35%
Roman name for SpainHispania
35%

Score Distribution

Percentile by Number Answered

Percent of People with Each Score

Your Score History

You have not taken this quiz